| 000 | 00000nam##2200000za#4500 |
| 001 | 9.700488 |
| 003 | CaOODSP |
| 005 | 20250506145324 |
| 007 | cr ||||||||||| |
| 008 | 150407|1968||||xxc|||||o f|0| 0 eng|d |
| 040 | |aCaOODSP|beng |
| 043 | |an-cn--- |
| 086 | 1 |aA53-1314/1968E-PDF |
| 110 | 1 |aCanada.|bAgriculture Canada. |
| 245 | 10|aSoil salinity and drainage problems : |h[electronic resource]|bcauses, effects, management |
| 250 | |aReprinted 1971 |
| 260 | |aOttawa - Ontario : |bAgriculture Canada |c1968. |
| 300 | |a28p.|bfigs., illus., table |
| 500 | |aHistorical publication digitized by Agriculture and Agri-Food Canada. |
| 590 | |a15-05-Supp|b2015-03-31 |
| 690 | 07|aFlora|2gcpds |
| 856 | 40|ahttp://publications.gc.ca|qPDF|s2887 KB|uhttps://publications.gc.ca/collections/collection_2015/aac-aafc/A53-1314-1968-eng.pdf |
| 986 | |aPublication 1314 |